00741nam a2200217 a 450000100100000000500170001000800410002704000250006808200200009310000390011324500400015226000560019230000260024849000140027465000240028865000380031283000230035004900090037395201240038299900170050600002116820200930011243.0100901s1990 cu r 000 f spa d aDO-SdBNPbspacBNPHU aCu863.44bR741a1 aRojas, Agustín de,d1949-94424510aEl año 200 /cAgustín de rojas. aLa Habana, Cuba :bEditorial Letras Cubanas,c1990. a549, [3] p. ;c20 cm.1 aRadarv82 4aNovela cubana92316 4aLiteratura cubanaySIGLO XX99186 0aRadar ;v82944246 aBNGR 001054708MOaGRbGRcCTd2010-09-01iLF1l0oCu863.44 R741ap21168-10r2020-06-25w2020-06-25y4ZPréstamo en sala c20669d20669